000 00251nam a2200109Ia 4500
008 220204s9999 xx 000 0 und d
082 _a82-3
_bKIN;1
100 _aKing, Hugh
245 0 _aEve de paris
260 _aNew York
_bBerkley
_c1977
942 _cBK
999 _c30961
_d30961